Nghiên cứu gia đình và giới = Journal of family and gender studies

Kaydedildi:
Detaylı Bibliyografya
Materyal Türü: Kitap
Dil:Undetermined
Baskı/Yayın Bilgisi: Hà Nội Viện Khoa học Xã hội Việt Nam 2020
Konular:
Etiketler: Etiketle
Etiket eklenmemiş, İlk siz ekleyin!
Thư viện lưu trữ: Trung tâm Học liệu Trường Đại học Cần Thơ
LEADER 00597nam a2200193Ia 4500
001 CTU_238375
008 210402s9999 xx 000 0 und d
020 |c 45000 
082 |a 640 
082 |b Ngh305 
245 0 |a Nghiên cứu gia đình và giới = 
245 0 |b Journal of family and gender studies 
245 0 |c Viện Khoa học Xã hội Việt Nam 
260 |a Hà Nội 
260 |b Viện Khoa học Xã hội Việt Nam 
260 |c 2020 
650 |a Family,Gia đình 
904 |i T.Trang 
980 |a Trung tâm Học liệu Trường Đại học Cần Thơ